[Event "Madrid-ch Previa-B"]
[Site "Madrid"]
[Date "2020.02.29"]
[Round "9"]
[White "Canseco Arenas, Alfonso"]
[Black "Rojas Fernandez, Antonio"]
[Result "1-0"]
[WhiteElo "1604"]
[BlackElo "1409"]
[PlyCount "83"]
[EventDate "2020.02.06"]
[EventType "swiss"]
[EventRounds "9"]
[EventCountry "ESP"]
[SourceTitle "CBM 195 Extra"]
[Source "ChessBase"]
[SourceDate "2020.05.31"]
[SourceVersion "1"]
[SourceVersionDate "2020.05.31"]
[SourceQuality "1"]

1. e4 e5 2. c4 Nf6 3. Nc3 Bc5 4. h3 d6 5. d3 Nc6 6. g3 h6 7. Bg2 Be6 8. Nge2 Nd4 9. 0-0 0-0 10. Kh2 Qd7 11. f4 Qe7 12. f5 Bd7 13. g4 Nh7 14. Nd5 Qd8 15. Nxd4 Bxd4 16. Qe2 c6 17. Nc3 Qf6 18. Bd2 Rae8 19. Rf3 Ng5 20. Rg3 Nh7 21. Rf1 a6 22. a4 c5 23. Nd5 Qh4 24. b3 Bc6 25. Be1 Bxd5 26. exd5 Qf6 27. Be4 Rb8 28. Bf2 Bxf2 29. Rxf2 Ng5 30. Rgg2 Nxe4 31. dxe4 Qe7 32. Rg1 a5 33. Rgf1 f6 34. Rg2 Kh8 35. Rf3 Rg8 36. h4 Qf7 37. Rh3 b6 38. g5 Rbc8 39. Qe3 Qf8 40. Rhg3 fxg5 41. hxg5 hxg5 42. Rh3# 1-0

[Event "Madrid-ch Previa-B"]
[Site "Madrid"]
[Date "2020.02.06"]
[Round "1"]
[White "Rojas Pozo, Jose Luis"]
[Black "Canseco Arenas, Alfonso"]
[Result "1-0"]
[WhiteElo "1938"]
[BlackElo "1604"]
[PlyCount "105"]
[EventDate "2020.02.06"]
[EventType "swiss"]
[EventRounds "9"]
[EventCountry "ESP"]
[SourceTitle "CBM 195 Extra"]
[Source "ChessBase"]
[SourceDate "2020.05.31"]
[SourceVersion "1"]
[SourceVersionDate "2020.05.31"]
[SourceQuality "1"]

1. d4 Nf6 2. c4 c5 3. d5 e6 4. Nc3 exd5 5. cxd5 d6 6. e4 g6 7. Be2 Bg7 8. Nf3 0-0 9. 0-0 Re8 10. Nd2 a6 11. a4 Nbd7 12. h3 Qc7 13. Qc2 Rb8 14. b3 Ne5 15. Bb2 c4 16. bxc4 Ned7 17. Rab1 Nc5 18. Bd3 Nh5 19. Ne2 Nf6 20. Bc3 Bd7 21. Ra1 Re7 22. a5 Rbe8 23. f3 Qc8 24. Kh2 Nh5 25. g4 Nf6 26. Ng3 Qc7 27. Be2 Bc8 28. Qb2 Nfxe4 29. Ndxe4 Nxe4 30. Nxe4 f5 31. Bxg7 fxe4 32. Bf6 exf3 33. Bxf3 Rf7 34. Qd4 Ref8 35. Be2 Qd7 36. Bh8 Qe7 37. Bd3 Bxg4 38. Rxf7 Rxf7 39. Rf1 Rxf1 40. Bxf1 Bf5 41. Qf6 Qd7 42. h4 h5 43. Kg3 Qc7 44. Kf4 Qd7 45. Be2 Kh7 46. Kg3 Kh6 47. Kf2 Qc7 48. Qd4 Qf7 49. Qf4+ Kh7 50. Bd4 Qe7 51. Bc3 Qd8 52. Qd4 Qd7 53. Qh8# 1-0

[Event "Madrid Codes Memorial 11th"]
[Site "Madrid"]
[Date "2017.05.21"]
[Round "6"]
[White "Cano Nieto, Jose Luis"]
[Black "Canseco Arenas, Alfonso"]
[Result "0-1"]
[WhiteElo "1537"]
[BlackElo "1623"]
[PlyCount "104"]
[EventDate "2017.04.02"]
[EventType "swiss"]
[EventRounds "9"]
[EventCountry "ESP"]
[SourceTitle "EXT 2019"]
[Source "ChessBase"]
[SourceDate "2018.10.10"]
[SourceVersion "1"]
[SourceVersionDate "2018.10.10"]
[SourceQuality "1"]

1. d4 Nf6 2. Nf3 c5 3. dxc5 e6 4. Bf4 Bxc5 5. e3 d5 6. Be2 0-0 7. h3 Nc6 8. 0-0 a6 9. a3 Bd7 10. Nbd2 Rc8 11. Ne5 Nxe5 12. Bxe5 Be7 13. Nf3 Ba4 14. b3 Bc6 15. Bxf6 Bxf6 16. Rb1 Qe7 17. a4 Rfd8 18. Nd4 Be8 19. Bd3 g6 20. f4 Qc5 21. b4 Qa7 22. a5 Bxd4 23. exd4 Qxd4+ 24. Kh1 Qf6 25. b5 axb5 26. Bxb5 Qe7 27. Bxe8 Rxe8 28. Qd3 Ra8 29. Qb5 Rec8 30. Qxb7 Qxb7 31. Rxb7 Rxa5 32. Rc1 Rac5 33. Ra1 R8c7 34. Ra8+ Kg7 35. Rbb8 Rxc2 36. Rg8+ Kf6 37. Rh8 h5 38. Rh7 Rf2 39. Ra4 Kf5 40. g4+ hxg4 41. hxg4+ Kxg4 42. Kg1 Rxf4 43. Ra2 Kf5 44. Kg2 Rd7 45. Kg3 d4 46. Ra4 e5 47. Rh1 g5 48. Re1 f6 49. Rd1 Rc7 50. Ra3 Rc3+ 51. Rxc3 dxc3 52. Rc1 Rc4 0-1

[Event "Madrid-ch Seniors"]
[Site "Madrid"]
[Date "2016.01.19"]
[Round "7"]
[White "Canseco Arenas, Alfonso"]
[Black "Perez Cameselle, Francisco Jose"]
[Result "1/2-1/2"]
[WhiteElo "1690"]
[BlackElo "1917"]
[PlyCount "120"]
[EventDate "2016.01.11"]
[EventType "swiss"]
[EventRounds "9"]
[EventCountry "ESP"]
[SourceTitle "EXT 2017"]
[Source "ChessBase"]
[SourceDate "2016.10.25"]
[SourceVersion "1"]
[SourceVersionDate "2016.10.25"]
[SourceQuality "1"]

1. a3 Nf6 2. c4 g6 3. Nc3 Bg7 4. e4 d6 5. d4 Nbd7 6. f4 0-0 7. Nf3 c5 8. d5 a6 9. Be2 Qc7 10. 0-0 e6 11. Bd2 exd5 12. cxd5 b5 13. Rc1 Re8 14. Qc2 b4 15. axb4 cxb4 16. Na4 Qxc2 17. Rxc2 Nxe4 18. Bxb4 Ndc5 19. Bxc5 Nxc5 20. Nxc5 dxc5 21. Bc4 Bf5 22. Rd2 Re4 23. b3 Rxf4 24. d6 Be6 25. Bxe6 fxe6 26. Re2 Bd4+ 27. Kh1 e5 28. Rd1 Rd8 29. Nxe5 Rxd6 30. g3 Rf8 31. Nc4 Rdf6 32. Rd3 Rf1+ 33. Kg2 R1f2+ 34. Rxf2 Rxf2+ 35. Kh3 Kf7 36. Nd6+ Ke7 37. Ne4 Rb2 38. Ng5 h6 39. Nf3 Ke6 40. Nxd4+ cxd4 41. Rxd4 Rxb3 42. Ra4 Rb6 43. Kg4 Kd5 44. h4 Kc5 45. Kf3 Rb3+ 46. Kg2 Kb5 47. Rg4 g5 48. hxg5 hxg5 49. Rxg5+ Kb4 50. Rf5 a5 51. g4 a4 52. Rf4+ Kb5 53. Rf5+ Kb4 54. Rf4+ Ka3 55. g5 Rb4 56. Rf3+ Kb2 57. Rf2+ Kb3 58. Rf3+ Kb2 59. Rf2+ Kc3 60. Rf3+ Kb2 1/2-1/2

[Event "Madrid-ch Seniors"]
[Site "Madrid"]
[Date "2016.01.14"]
[Round "4"]
[White "Salgado Duarte, Pablo"]
[Black "Canseco Arenas, Alfonso"]
[Result "1-0"]
[WhiteElo "1518"]
[BlackElo "1690"]
[PlyCount "67"]
[EventDate "2016.01.11"]
[EventType "swiss"]
[EventRounds "9"]
[EventCountry "ESP"]
[SourceTitle "EXT 2017"]
[Source "ChessBase"]
[SourceDate "2016.10.25"]
[SourceVersion "1"]
[SourceVersionDate "2016.10.25"]
[SourceQuality "1"]

1. d4 Nf6 2. c4 c5 3. Nf3 g6 4. Nc3 cxd4 5. Nxd4 Bg7 6. e4 d6 7. h3 0-0 8. Be3 Nc6 9. Be2 Nd7 10. Nxc6 bxc6 11. Bd4 Bxd4 12. Qxd4 Qb6 13. Qxb6 axb6 14. 0-0 Nc5 15. f3 Ne6 16. Rfd1 Nf4 17. Kf2 Be6 18. b3 Ra5 19. Bf1 Rfa8 20. Rd2 Kg7 21. Ne2 Nxe2 22. Bxe2 Kf6 23. g4 Ra3 24. Bd1 Ke5 25. Kg3 g5 26. h4 h6 27. h5 R8a7 28. Kf2 R7a5 29. b4 Ra7 30. Be2 R3a4 31. Rb2 Kd4 32. Rd1+ Kc3 33. Rdd2 Ra3 34. Ke3 1-0

[Event "Madrid Codes Memorial 9th"]
[Site "Madrid"]
[Date "2015.04.19"]
[Round "3"]
[White "Largo Barbero, Benito"]
[Black "Canseco Arenas, Alfonso"]
[Result "1-0"]
[WhiteElo "1961"]
[BlackElo "1752"]
[PlyCount "73"]
[EventDate "2015.03.29"]
[EventType "swiss"]
[EventRounds "9"]
[EventCountry "ESP"]
[SourceTitle "EXT 2019"]
[Source "ChessBase"]
[SourceDate "2018.10.10"]
[SourceVersion "1"]
[SourceVersionDate "2018.10.10"]
[SourceQuality "1"]

1. e4 c5 2. Nc3 Nc6 3. g3 e5 4. d3 Nge7 5. Bg2 g6 6. Be3 Nd4 7. Nce2 Bg7 8. c3 Nxe2 9. Nxe2 d6 10. 0-0 0-0 11. Qd2 Rb8 12. Rad1 Be6 13. a3 a5 14. d4 Bc4 15. dxc5 dxc5 16. Bxc5 Qc7 17. Bd6 Qd8 18. Bxb8 Qxb8 19. Rfe1 Bb3 20. Rc1 Rd8 21. Qe3 Nc6 22. h4 h5 23. Kh2 Kh7 24. Ng1 Bh6 25. Qb6 a4 26. Ra1 Rd2 27. Re2 Rd6 28. Qb5 Qc7 29. Nf3 f6 30. Ree1 Na5 31. Bf1 b6 32. Be2 Qd8 33. Qa6 Bc2 34. Bb5 Nb3 35. Bxa4 Nc5 36. Qa7+ Rd7 37. Bxd7 1-0

[Event "Madrid Codes Memorial 8th"]
[Site "Madrid"]
[Date "2014.05.04"]
[Round "6"]
[White "Canseco Arenas, Alfonso"]
[Black "Salgado Duarte, Pablo"]
[Result "1/2-1/2"]
[WhiteElo "1737"]
[BlackElo "1556"]
[PlyCount "186"]
[EventDate "2014.03.23"]
[EventType "swiss"]
[EventRounds "9"]
[EventCountry "ESP"]
[SourceTitle "EXT 2019"]
[Source "ChessBase"]
[SourceDate "2018.10.10"]
[SourceVersion "1"]
[SourceVersionDate "2018.10.10"]
[SourceQuality "1"]

1. e4 e5 2. c4 Nf6 3. Nc3 Nc6 4. g3 Bc5 5. Bg2 d6 6. Nge2 Bg4 7. h3 Bxe2 8. Nxe2 0-0 9. 0-0 Qd7 10. d3 h6 11. Kh2 a6 12. a4 Nd4 13. b3 b5 14. axb5 axb5 15. Rxa8 Rxa8 16. Nxd4 Bxd4 17. Qe2 bxc4 18. bxc4 Qa4 19. Be3 Bxe3 20. Qxe3 Qb3 21. Rc1 Nd7 22. Bf1 Nc5 23. Be2 Ra3 24. Rd1 Na4 25. Rd2 Nb6 26. Kg2 Qb4 27. Rc2 Ra1 28. Qd2 Qb1 29. Kf3 Qh1+ 30. Kg4 Nd7 31. f4 Nf6+ 32. Kh4 Qh2 33. Bf3 Qg1 34. Qf2 Qb1 35. f5 Qb8 36. g4 Qd8 37. Kg3 Nh7 38. h4 Ra3 39. Qd2 Qa8 40. Rb2 Qa7 41. Kg2 Ra1 42. Qf2 Qa3 43. Qd2 Nf6 44. g5 hxg5 45. hxg5 Nd7 46. Be2 Qa7 47. Bf1 Nc5 48. f6 Ne6 49. Qf2 Nf4+ 50. Kg3 Qxf2+ 51. Kxf2 Rd1 52. Rb7 Ne6 53. Ke2 Ra1 54. Kf2 Ra2+ 55. Ke3 Ra1 56. Be2 gxf6 57. gxf6 Kh7 58. Bg4 Kg6 59. Bxe6 fxe6 60. Rxc7 Kxf6 61. Rc6 Ke7 62. Rc7+ Kd8 63. Rg7 Ra5 64. Kd2 Ra2+ 65. Kc3 Ra3+ 66. Kd2 Ra2+ 67. Ke3 Ra3 68. Rb7 Kc8 69. Re7 d5 70. cxd5 exd5 71. exd5 Kd8 72. Rxe5 Kd7 73. Re6 Ra5 74. Ke4 Ra4+ 75. d4 Ra1 76. Rh6 Re1+ 77. Kd3 Rd1+ 78. Kc3 Rc1+ 79. Kd2 Rc4 80. Kd3 Rc1 81. d6 Rd1+ 82. Ke4 Ra1 83. Ke5 Ra5+ 84. d5 Ra1 85. Rh7+ Kd8 86. d7 Ra6 87. d6 Ra5+ 88. Ke6 Re5+ 89. Kf6 Rf5+ 90. Kg7 Rg5+ 91. Kf8 Rf5+ 92. Kg8 Rg5+ 93. Kh8 Rg8+ 1/2-1/2

[Event "Madrid Codes Memorial 8th"]
[Site "Madrid"]
[Date "2014.04.06"]
[Round "3"]
[White "Gil Sierra, Jacinto"]
[Black "Canseco Arenas, Alfonso"]
[Result "1-0"]
[WhiteElo "2037"]
[BlackElo "1737"]
[PlyCount "63"]
[EventDate "2014.03.23"]
[EventType "swiss"]
[EventRounds "9"]
[EventCountry "ESP"]
[SourceTitle "EXT 2015"]
[Source "ChessBase"]
[SourceDate "2014.11.20"]
[SourceVersion "1"]
[SourceVersionDate "2014.11.20"]
[SourceQuality "1"]

1. e4 d6 2. d4 Nf6 3. Bd3 c6 4. Nf3 Bg4 5. h3 Bh5 6. 0-0 e6 7. Re1 d5 8. exd5 cxd5 9. c4 Nc6 10. cxd5 Nxd5 11. Be4 Bb4 12. Bd2 Be7 13. Nc3 0-0 14. Be3 Rc8 15. Nxd5 exd5 16. Bf5 Rc7 17. Bf4 Bd6 18. Be5 Re7 19. g4 Bg6 20. Bxg6 fxg6 21. Re3 Ref7 22. Qb3 Bxe5 23. dxe5 Na5 24. Qd3 Nc4 25. e6 Re7 26. Re2 Rf6 27. Rd1 Rfxe6 28. Rxe6 Nxb2 29. Qe2 Nxd1 30. Rxe7 Kf8 31. Rxb7 Nc3 32. Qe5 1-0

[Event "Madrid Codes Memorial 8th"]
[Site "Madrid"]
[Date "2014.03.30"]
[Round "2"]
[White "Canseco Arenas, Alfonso"]
[Black "Lopez Ziegler, Carlos"]
[Result "1-0"]
[WhiteElo "1737"]
[BlackElo "1944"]
[PlyCount "93"]
[EventDate "2014.03.23"]
[EventType "swiss"]
[EventRounds "9"]
[EventCountry "ESP"]
[SourceTitle "EXT 2015"]
[Source "ChessBase"]
[SourceDate "2014.11.20"]
[SourceVersion "1"]
[SourceVersionDate "2014.11.20"]
[SourceQuality "1"]

1. a3 c6 2. c4 d5 3. cxd5 cxd5 4. d4 Nc6 5. Nc3 e6 6. Nf3 Nf6 7. Bg5 Be7 8. e3 h6 9. Bh4 Bd7 10. Bd3 Rc8 11. 0-0 0-0 12. h3 a6 13. Qe2 Be8 14. Rfc1 Na5 15. Nd2 b5 16. b4 Nc4 17. Bxc4 dxc4 18. Bxf6 Bxf6 19. Nde4 Bc6 20. Nc5 Qb6 21. Qg4 Rfd8 22. N3e4 Be7 23. Nxe6 fxe6 24. Qxe6+ Kf8 25. d5 Qb7 26. dxc6 Qxc6 27. Qxc6 Rxc6 28. Kf1 a5 29. bxa5 Ra8 30. a4 b4 31. Nd2 c3 32. Nb3 Bd8 33. Ke2 Bxa5 34. Kd3 Rd8+ 35. Kc2 Bc7 36. Nd4 Rf6 37. Kb3 Ba5 38. f4 Re8 39. Re1 g5 40. f5 Re4 41. g4 Ke7 42. Rad1 Rd6 43. Nc2 Rxd1 44. Rxd1 Bb6 45. Nxb4 Bxe3 46. Re1 Re5 47. Nc6+ 1-0

[Event "Madrid-ch Previa-A"]
[Site "Madrid"]
[Date "2014.02.18"]
[Round "8"]
[White "Canseco Arenas, Alfonso"]
[Black "Fuster Aguilo, Joan"]
[Result "1-0"]
[WhiteElo "1721"]
[BlackElo "1775"]
[PlyCount "105"]
[EventDate "2014.02.03"]
[EventType "swiss"]
[EventRounds "9"]
[EventCountry "ESP"]
[SourceTitle "EXT 2015"]
[Source "ChessBase"]
[SourceDate "2014.11.20"]
[SourceVersion "1"]
[SourceVersionDate "2014.11.20"]
[SourceQuality "1"]

1. a3 Nf6 2. d3 d5 3. Nf3 c5 4. Bg5 h6 5. Bh4 Nc6 6. e3 Bf5 7. Nbd2 a5 8. c3 b5 9. d4 c4 10. Be2 b4 11. axb4 axb4 12. 0-0 b3 13. h3 Bc2 14. Qc1 g5 15. Bg3 Bg7 16. Ne5 Nxe5 17. Bxe5 0-0 18. Bf3 Rxa1 19. Qxa1 e6 20. Qa7 Ne4 21. Bxg7 Nxd2 22. Bxf8 Kxf8 23. Ra1 Ne4 24. Bh5 Qf6 25. Qb8+ Kg7 26. f3 Nd2 27. Ra7 Bg6 28. Bxg6 Qxg6 29. Qe5+ Qf6 30. Qxf6+ Kxf6 31. Kf2 h5 32. Ke2 Nb1 33. Kd1 Kg6 34. Kc1 Nxc3 35. bxc3 f5 36. Ra6 Kf6 37. Rb6 h4 38. Kd2 Kf7 39. Rb7+ Kf6 40. Rb8 Ke7 41. Kc1 Kf7 42. Kd2 Kg7 43. Ke2 Kg6 44. Kf2 Kf6 45. g3 hxg3+ 46. Kxg3 Kg6 47. f4 Kf6 48. Rb6 gxf4+ 49. Kxf4 Kf7 50. Ke5 Kg6 51. Rxe6+ Kg5 52. Kxd5 f4 53. exf4+ 1-0

[Event "Madrid-ch prel-B"]
[Site "Madrid"]
[Date "2012.02.03"]
[Round "2.9"]
[White "Benitez Cadenas, Luis Miguel"]
[Black "Canseco Arenas, Alfonso"]
[Result "1-0"]
[WhiteElo "1730"]
[BlackElo "1794"]
[PlyCount "41"]
[EventDate "2012.02.02"]
[EventType "swiss"]
[EventRounds "9"]
[EventCountry "ESP"]
[SourceTitle "EXT 2024"]
[Source "ChessBase"]
[SourceDate "2023.10.10"]
[SourceVersion "1"]
[SourceVersionDate "2023.10.10"]
[SourceQuality "1"]

1. d4 Nf6 2. Bg5 c5 3. Nc3 cxd4 4. Qxd4 Nc6 5. Qh4 Qa5 6. Bxf6 gxf6 7. 0-0-0 b5 8. e3 Ne5 9. Bxb5 Rb8 10. Qa4 Qxa4 11. Bxa4 Rg8 12. Nf3 Rxg2 13. Nxe5 fxe5 14. Ne4 Rb4 15. Nc5 Rxf2 16. Bxd7+ Bxd7 17. Nxd7 Bh6 18. Nxe5 Bxe3+ 19. Kb1 Bf4 20. Nd3 Rxb2+ 21. Kxb2 1-0

[Event "Moratalaz op 24th"]
[Site "Madrid"]
[Date "2011.09.15"]
[Round "1"]
[White "Fernandez Cardoso, Alexey"]
[Black "Canseco Arenas, Alfonso"]
[Result "1-0"]
[WhiteElo "2465"]
[BlackElo "1800"]
[PlyCount "73"]
[EventDate "2011.09.15"]
[EventType "swiss"]
[EventRounds "9"]
[EventCountry "ESP"]
[SourceTitle "CBM 144 Extra"]
[Source "ChessBase"]
[SourceDate "2011.10.28"]
[SourceVersion "1"]
[SourceVersionDate "2011.10.28"]
[SourceQuality "1"]

1. e4 c5 2. Nf3 d6 3. d4 cxd4 4. Nxd4 Nc6 5. Nc3 e6 6. f4 Nf6 7. Nb3 Be7 8. Be3 a6 9. Qf3 0-0 10. Bd3 Qc7 11. 0-0 Nb4 12. a4 b6 13. Rae1 Bb7 14. Qh3 Nxd3 15. cxd3 Bc8 16. Rc1 Qd8 17. Nd4 e5 18. Nf5 Kh8 19. fxe5 dxe5 20. Bg5 Ng8 21. Bxe7 Nxe7 22. Qf3 Nxf5 23. exf5 Ra7 24. Qe3 Rd7 25. f6 gxf6 26. Ne4 f5 27. Rxc8 Qxc8 28. Nf6 Rd6 29. Qh6 Rxf6 30. Qxf6+ Kg8 31. Rxf5 Qc1+ 32. Rf1 Qxb2 33. h3 Qd4+ 34. Kh1 Qxd3 35. Rf3 Qg6 36. Qxe5 Qc6 37. Rg3+ 1-0